Americas infrastructure update 2009 (Record no. 109874)

MARC details
000 -LEADER
fixed length control field 01235cad a22002415a 4500
001 - CONTROL NUMBER
control field E148082
008 - FIXED-LENGTH DATA ELEMENTS--GENERAL INFORMATION
fixed length control field 090722s2009 xxu f 000 0 eng d
035 ## - SYSTEM CONTROL NUMBER
System control number (Sirsi) u148082
041 0# - LANGUAGE CODE
Language code of text/sound track or separate title eng
050 04 - LIBRARY OF CONGRESS CALL NUMBER
Classification number 332.642 $2 18
100 1# - MAIN ENTRY--PERSONAL NAME
Personal name Patel, Jaimala
245 00 - TITLE STATEMENT
Title Americas infrastructure update 2009
Medium [electronic resource]
260 ## - PUBLICATION, DISTRIBUTION, ETC.
Place of publication, distribution, etc. New York
Name of publisher, distributor, etc. RREEF
Date of publication, distribution, etc. 2009
505 2# - FORMATTED CONTENTS NOTE
Formatted contents note Introduction -- Overview of market fundamentals -- Performance of infrastructure investments -- Market spotlight -- Regional opportunities -- Conclusion
520 ## - SUMMARY, ETC.
Summary, etc. Reports that infrastructure is facing a challenging time in the Americas, however the situation should improve due to the various economic stimulus packages which have been announced, and which include elements for infrastructure development and reinvestment. New legislation aimed at encouraging more public-private partnerships, and the fact that more infrastructure managers are entering the market, should also benefit the sector.
521 ## - TARGET AUDIENCE NOTE
Target audience note Advanced
590 ## - LOCAL NOTE (RLIN)
Local note KA
651 #4 - SUBJECT ADDED ENTRY--GEOGRAPHIC NAME
Geographic name United States
Chronological subdivision 1959-
651 #4 - SUBJECT ADDED ENTRY--GEOGRAPHIC NAME
Geographic name South America
690 ## - LOCAL SUBJECT ADDED ENTRY--TOPICAL TERM (OCLC, RLIN)
Topical term or geographic name as entry element PROPERTY-INFRASTRUCTURE
856 40 - ELECTRONIC LOCATION AND ACCESS
Uniform Resource Identifier <a href="https://www.rreef.com">https://www.rreef.com</a>
Public note View the report free of charge at www.rreef.com...
942 ## - ADDED ENTRY ELEMENTS (KOHA)
Suppress in OPAC 0
Holdings
Withdrawn status Lost status Source of classification or shelving scheme Damaged status Not for loan Home library Current library Shelving location Date acquired Total Checkouts Full call number Barcode Date last seen Copy number Price effective from Koha item type
    Dewey Decimal Classification     Virtual Virtual Online 22/07/2009   ONLINE PUBLICATION 148082-2001 06/08/2019 1 06/08/2019 Book